Quiz sur Savenay - Statistiques

Statistiques générales
  • Ce quiz a été pris 29 fois
  • Le résultat moyen est 7 sur 14
Statistiques - réponses
Hint Réponse % Correct
Nombre de Lycée 2
100%
Deuxième plus grand magasin de france Hyper U
89%
Code postal 44260
79%
Nom des Habitants (masculin) Savenaisiens
74%
Nom de l'église Saint Martin
53%
Nom du lac de savenay Vallée Mabille
53%
Place principale Place des halles
47%
Date de la bataille de Savenay 1793
37%
Date de construction du barage 1918
37%
Célèbre infirmière de la 1er Guerre Mondiale Jane Delano
32%
Nom du maire Mezard
26%
Nom du premier magasin U Le Pain Quotidien
21%
Fleur sur le blason Trefle
21%
Monument historique Moulin de la paquelais
16%
Aucun quiz correspondant
Distribution des résultats
% des personnes avec chaque résultat
Percentile par nombre de réponses
Votre historique - résultats
Vous n’avez pas pris ce quiz